[Event "AUTO-OPEN-284"]
[Site "http://www.queenalice.com/game.php?id=73682"]
[Date "2006.6.2"]
[Round "1"]
[White "TheBigSorbo"]
[Black "prashantv"]
[Result "1-0"]
[WhiteElo "1363"]
[BlackElo "1316"]

1. e4 e5 2. Nf3 Nc6 3. Bb5 a6 4. Bc4 Nf6 5. Ng5 d5 6. exd5 Nxd5 7. Nc3 Nxc3 8.
bxc3 Qxg5 9. d4 Qxg2 10. Rf1 Bd6 11. Be3 O-O 12. f3 Re8 13. Qd3 exd4 14. cxd4
1-0

[Event "AUTO-OPEN-284"]
[Site "http://www.queenalice.com/game.php?id=73683"]
[Date "2006.6.2"]
[Round "1"]
[White "prashantv"]
[Black "TheBigSorbo"]
[Result "0-1"]
[WhiteElo "1294"]
[BlackElo "1383"]

1. e4 e5 2. Nf3 Nc6 3. Bc4 Bc5 4. O-O Nf6 5. d3 d6 6. h3 Be6 7. Bb3 O-O 8. Bg5
h6 9. Bh4 Bxb3 10. axb3 b5 11. Nc3 a6 12. Nd5 Qd7 13. Bxf6 Qe6 14. Bh4 Qg6 15.
c3 Rfe8 16. Nxc7 Qh5 0-1

[Event "AUTO-OPEN-284"]
[Site "http://www.queenalice.com/game.php?id=73684"]
[Date "2006.6.2"]
[Round "1"]
[White "TheBigSorbo"]
[Black "sandramguziviak"]
[Result "1-0"]
[WhiteElo "1363"]
[BlackElo "900"]

1. e4 e5 2. Nf3 d6 3. d4 Bd7 4. Bg5 f6 5. Bh4 Nc6 6. g4 Nh6 7. Nc3 Bxg4 8. Be2
Be7 9. h3 O-O 10. hxg4 Nxg4 11. Rg1 f5 12. exf5 Nxd4 13. Rxg4 c6 14. Bc4+ d5 15.
Bb3 Qd7 16. Nxe5 Qxf5 17. Nd3 Nf3+ 18. Ke2 Qxg4 19. Bxe7 Qg1 20. Bxf8 Rxf8 21.
Ne1 Nxe1 22. Qxe1 Qg4+ 23. Kd3 Qf3+ 24. Qe3 Qf5+ 25. Qe4 Qxe4+ 26. Nxe4 Rf3+ 27.
Ke2 Kf8 28. Kxf3 1-0

[Event "AUTO-OPEN-284"]
[Site "http://www.queenalice.com/game.php?id=73685"]
[Date "2006.6.2"]
[Round "1"]
[White "sandramguziviak"]
[Black "TheBigSorbo"]
[Result "0-1"]
[WhiteElo "900"]
[BlackElo "1319"]

1. e4 e5 2. f3 Nf6 3. Bd3 d5 4. c4 c6 5. Nh3 Na6 6. Nc3 Bb4 7. exd5 cxd5 8. Nxd5
Nxd5 9. O-O Nf4 10. Qa4+ Bd7 11. Qb3 Qf6 12. c5 Nxc5 13. Qc4 Ncxd3 14. a3 Qg6
15. Nxf4 Nxf4 16. g3 Nd3 17. axb4 b5 18. b3 bxc4 19. Re1 Nxe1 20. bxc4 Nxf3+ 21.
Kg2 Ng5 22. Bb2 Rb8 23. Rxa7 Rxb4 24. Bxe5 Bc6+ 25. Kf2 O-O 26. h4 Ne4+ 27. Ke3
Re8 28. Kd3 Rxe5 29. Rc7 Ba4 30. Rc8+ Be8 31. Kd4 Qf5 0-1

[Event "FUN ZONE"]
[Site "http://www.queenalice.com/game.php?id=73787"]
[Date "2006.6.2"]
[Round "-"]
[White "Knighty13"]
[Black "TheBigSorbo"]
[Result "1-0"]
[WhiteElo "1675"]
[BlackElo "1416"]

1. d4 d5 2. c4 e6 3. Nc3 Bb4 4. Qb3 Nc6 5. a3 Ba5 6. Nf3 Nf6 7. Bg5 h6 8. Bh4 g5
9. Bg3 Ne4 10. e3 Nxg3 11. hxg3 f5 12. Qc2 Qf6 13. b4 Bb6 14. c5 Bxc5 15. bxc5
Bd7 16. Bb5 O-O-O 17. Rb1 a6 18. Bxc6 Bxc6 19. Ne5 Kb8 20. Nxc6+ Kc8 21. Nxd8
Kxd8 22. Rxb7 Kc8 23. Qb3 e5 24. Rb8+ Kd7 25. Qa4+ Ke7 26. Nxd5+ 1-0

[Event "AUTO-INT-100"]
[Site "http://www.queenalice.com/game.php?id=74023"]
[Date "2006.6.3"]
[Round "1"]
[White "TheBigSorbo"]
[Black "mgalmeidas"]
[Result "0-1"]
[WhiteElo "1319"]
[BlackElo "1692"]

1. e4 e5 2. f4 exf4 3. Nf3 b6 4. a4 d6 5. Bb5+ Bd7 6. Nc3 Be7 7. g3 fxg3 8. hxg3
Nc6 9. d3 a6 10. Bc4 h6 11. Rf1 Nf6 12. Qe2 Bg4 13. Bf4 Nd4 14. Qd2 Bxf3 15. Ra3
Bg4 16. a5 Nf3+ 17. Rxf3 Bxf3 18. Qf2 Bg4 19. Na4 b5 20. Bb3 bxa4 21. Bxa4+ Bd7
22. c4 d5 23. Ra1 dxe4 24. dxe4 Nxe4 25. Qe3 Nc5 26. Bc2 Ne6 27. Be5 Bb4+ 28.
Kf1 Qg5 29. Ke2 Qxe3+ 30. Kxe3 f6 31. Bc3 Bxc3 32. bxc3 O-O 33. g4 Rfe8 34. Rd1
Ng5+ 35. Kf2 Bxg4 36. Rg1 Nh3+ 0-1

[Event "AUTO-INT-100"]
[Site "http://www.queenalice.com/game.php?id=74024"]
[Date "2006.6.3"]
[Round "1"]
[White "mgalmeidas"]
[Black "TheBigSorbo"]
[Result "1-0"]
[WhiteElo "1706"]
[BlackElo "1388"]

1. d4 d5 2. Nf3 Nc6 3. e3 Nf6 4. Bb5 a6 5. Ba4 b5 6. Bb3 Bg4 7. h3 Bxf3 8. Qxf3
Nb4 9. a3 Nc6 10. Nc3 e5 11. Bxd5 Nxd5 12. Qxd5 Qxd5 13. Nxd5 exd4 14. Nxc7+ Kd8
15. Nxa8 Kc8 16. Nb6+ Kb7 17. Nd7 Bd6 18. b4 Re8 19. Nc5+ Kc7 20. Nxa6+ Kb6 21.
O-O Kxa6 22. Bd2 f5 23. Rfe1 g5 24. exd4 Rg8 25. Re6 Rd8 26. Bxg5 Rd7 27. d5 Nd4
28. Ra2 Nxe6 29. dxe6 Rg7 30. h4 Kb6 31. f4 Rg8 32. Ra1 Re8 33. Re1 Kc6 34. e7
Bc7 35. Re6+ Bd6 36. Kf2 Kd7 37. Re3 h6 38. Bxh6 Bxe7 39. Bg5 Bf8 40. Rxe8 Kxe8
41. Kf3 Bg7 42. Ke3 Bb2 43. h5 Kf7 44. Kd3 Bxa3 45. c3 Bb2 46. Bh4 Kg7 47. Bf2
Bc1 48. Be3 Bxe3 49. Kxe3 Kh6 50. Kd4 Kxh5 51. c4 bxc4 52. Kxc4 Kg4 53. Kd3 Kxf4
54. b5 Kg3 55. b6 Kxg2 56. b7 f4 57. b8=Q f3 58. Qf4 f2 59. Ke2 f1=Q+ 60. Qxf1+
Kg3 61. Qf3+ Kh4 62. Qg2 Kh5 63. Qg7 Kh4 64. Kf3 Kh3 65. Qg3# 1-0

[Event "AUTO-INT-100"]
[Site "http://www.queenalice.com/game.php?id=74025"]
[Date "2006.6.3"]
[Round "1"]
[White "TheBigSorbo"]
[Black "rojen12"]
[Result "0-1"]
[WhiteElo "1414"]
[BlackElo "1609"]

1. e4 d5 2. Nc3 dxe4 3. Nxe4 b6 4. Nf3 Bb7 5. d3 Bxe4 6. dxe4 Qxd1+ 7. Kxd1 Nc6
8. b3 O-O-O+ 9. Bd3 g6 10. Ng5 Nh6 11. Bb2 Rg8 12. Nxh7 Ng4 13. Re1 Nxf2+ 14.
Ke2 Nxd3 15. cxd3 Nb4 16. Rec1 Nxd3 17. Rc2 Nxb2 18. Rxb2 Bg7 19. Rbb1 Bxa1 20.
Rxa1 Rh8 21. Ng5 Rxh2 22. Kf2 Rd2+ 23. Kg3 Rhxg2+ 24. Kf3 Rxg5 25. Ke3 Rgg2 26.
a4 Rb2 27. Kf3 g5 28. Rh1 Rh2 29. Rg1 Rxb3+ 30. Kg4 f6 31. Kf5 Rb4 32. Ke6 Rxe4+
33. Kf5 Rxa4 34. Ke6 Rh7 35. Re1 b5 36. Kf5 g4 37. Rb1 a6 38. Kg6 Rh2 39. Kf7
Re4 40. Ra1 Kb7 0-1

[Event "AUTO-INT-100"]
[Site "http://www.queenalice.com/game.php?id=74026"]
[Date "2006.6.3"]
[Round "1"]
[White "rojen12"]
[Black "TheBigSorbo"]
[Result "0-1"]
[WhiteElo "1609"]
[BlackElo "1485"]

1. d4 Nc6 2. e4 e5 3. dxe5 Nxe5 4. g3 Nf6 5. Bg2 c6 6. Nf3 Bd6 7. O-O Nxe4 8.
Nxe5 Bxe5 9. Bxe4 d5 10. Bg2 O-O 11. c3 b6 12. Qe1 Qe7 13. Be3 Bf5 14. Na3 Rad8
15. Rc1 Bg4 16. Bf4 Bf6 17. Qxe7 Bxe7 18. Rfe1 Bf6 19. Nc2 h6 20. h3 Bf5 21. Nb4
Rc8 22. a4 a5 23. Na2 Rcd8 24. Be3 b5 25. axb5 cxb5 26. Bc5 Rfe8 27. Rxe8+ Rxe8
28. g4 Bd3 29. Rd1 Bc4 30. Nc1 Rc8 31. Bd4 Rc6 32. Bxf6 Rxf6 33. Bxd5 a4 34.
Bxc4 bxc4 35. Rd8+ Kh7 36. Ne2 Re6 37. Kf1 Rb6 0-1

[Event "Buttons McBoomBoom"]
[Site "http://www.queenalice.com/game.php?id=80412"]
[Date "2006.6.26"]
[Round "-"]
[White "TheBigSorbo"]
[Black "Electric_Lettuce"]
[Result "1-0"]
[WhiteElo "1388"]
[BlackElo "1532"]

1. d4 Nf6 2. c4 e6 3. Nc3 Bb4 4. e3 O-O 5. Bd3 d5 6. Nf3 c5 7. O-O Nc6 8. a3
Bxc3 9. bxc3 dxc4 10. Bxc4 Qe7 11. h3 Nd5 12. Bxd5 exd5 13. a4 Qe4 14. Ba3 Qg6
15. Bxc5 Bxh3 16. Nh4 Qg5 17. Qf3 Bg4 18. Qf4 Qxh4 19. f3 h5 20. Bxf8 Rxf8 21.
fxg4 g5 22. Qd6 hxg4 23. Rab1 g3 24. Rf5 Qh2+ 25. Kf1 Qh1+ 26. Ke2 Qxg2+ 27. Ke1
f6 28. Rxb7 Qh1+ 29. Ke2 Nd8 30. Rxg5+ 1-0

[Event "Turbo Tutone"]
[Site "http://www.queenalice.com/game.php?id=80413"]
[Date "2006.6.26"]
[Round "-"]
[White "Electric_Lettuce"]
[Black "TheBigSorbo"]
[Result "0-1"]
[WhiteElo "1532"]
[BlackElo "1405"]

1. c4 e5 2. Nc3 Nf6 3. g3 d5 4. cxd5 Nxd5 5. Bg2 Be6 6. Nf3 Nc6 7. d3 Be7 8. O-O
O-O 9. d4 exd4 10. Nxd4 Bc5 11. e4 Nxd4 12. exd5 Bf5 13. Be3 Qf6 14. Be4 Rfe8
15. Qd3 Bxe4 16. Nxe4 Qf3 17. Nxc5 Ne2+ 18. Qxe2 Qxe2 19. Rad1 Qxb2 20. Rd2 Qc3
21. Nxb7 a5 22. Re2 Qd3 23. Rfe1 h5 24. Nc5 Qg6 25. h4 Rad8 26. Bg5 f6 27. Re6
Rxe6 28. dxe6 fxg5 29. e7 Re8 30. hxg5 Qxg5 0-1

[Event "Challenge"]
[Site "http://www.queenalice.com/game.php?id=84545"]
[Date "2006.7.10"]
[Round "-"]
[White "TheBigSorbo"]
[Black "maclaugh"]
[Result "1-0"]
[WhiteElo "1402"]
[BlackElo "1363"]

1. e4 e5 2. Nf3 f6 3. Nxe5 fxe5 4. Qh5+ g6 5. Qxe5+ Qe7 6. Qxh8 Qxe4+ 7. Be2
Qxg2 8. Bf3 Qxf3 9. Rg1 Qf7 10. d3 Bc5 11. d4 Bxd4 12. Qxd4 b6 13. Nc3 Ba6 14.
Be3 Nc6 15. Qg4 Ne5 16. Qe4 O-O-O 17. Qa8# 1-0

[Event "Challenge"]
[Site "http://www.queenalice.com/game.php?id=84546"]
[Date "2006.7.10"]
[Round "-"]
[White "maclaugh"]
[Black "TheBigSorbo"]
[Result "1-0"]
[WhiteElo "1397"]
[BlackElo "1409"]

1. d4 Nf6 2. e3 d5 3. Ne2 e6 4. c3 Bd6 5. h4 O-O 6. Nf4 Nc6 7. g4 e5 8. dxe5
Nxe5 9. g5 Nfg4 10. f3 Re8 11. fxg4 Nxg4 12. Qf3 c6 13. Bh3 Ne5 14. Qh5 Bg4 15.
Bxg4 g6 16. Nxg6 fxg6 17. Be6+ Rxe6 18. Qe2 Qf8 19. Rf1 Qd8 20. e4 dxe4 21. Nd2
Nd3+ 22. Kd1 Bg3 23. Kc2 Bxh4 24. Nxe4 Nc5 25. Qc4 b6 26. Nxc5 bxc5 27. Qxe6+
Kg7 28. Rf7+ Kg8 29. Rd7+ Kf8 30. Qf7# 1-0

[Event "Challenge"]
[Site "http://www.queenalice.com/game.php?id=86038"]
[Date "2006.7.15"]
[Round "-"]
[White "rbaraldi"]
[Black "TheBigSorbo"]
[Result "0-1"]
[WhiteElo "1558"]
[BlackElo "1465"]

1. e4 e5 2. Nf3 Nc6 3. Bc4 Bc5 4. O-O d6 5. Nc3 Bg4 6. h3 Bxf3 7. Qxf3 Nf6 8. a3
O-O 9. d3 Nd4 10. Qd1 a6 11. b4 b5 12. Bd5 Nxd5 13. Nxd5 c6 14. Nc3 Ba7 15. Be3
Qf6 16. Rc1 d5 0-1

[Event "Challenge"]
[Site "http://www.queenalice.com/game.php?id=88216"]
[Date "2006.7.21"]
[Round "-"]
[White "TheBigSorbo"]
[Black "maclaugh"]
[Result "1-0"]
[WhiteElo "1448"]
[BlackElo "1470"]

1. e4 e5 2. Nf3 d6 3. d4 f6 4. Bc4 Ne7 5. Nc3 c6 6. O-O b5 7. Bb3 b4 8. Na4 Bd7
9. Nh4 Qa5 10. Bd2 c5 11. c3 Nbc6 12. dxc5 dxc5 13. Rc1 g5 14. Nf5 Bxf5 15. exf5
Nxf5 16. Qh5+ Kd8 17. Qf3 Nfe7 18. Qxf6 Rg8 19. Bxg8 Qxa4 20. Qxf8+ 1-0

[Event "Challenge"]
[Site "http://www.queenalice.com/game.php?id=89340"]
[Date "2006.7.25"]
[Round "-"]
[White "TheBigSorbo"]
[Black "dtrainey"]
[Result "1-0"]
[WhiteElo "1428"]
[BlackElo "1523"]

1. e4 d5 2. exd5 Qxd5 3. Nc3 Qe6+ 4. Be2 Nf6 5. Nf3 h6 6. d4 Ne4 7. Nxe4 Qxe4 8.
O-O b6 9. Bd3 Bb7 10. Bxe4 Bxe4 11. Qe2 Bb7 12. b3 e6 13. Rd1 Nd7 14. Qb5 c6 15.
Qe2 Nf6 16. c4 c5 17. dxc5 bxc5 18. Ne5 Be7 19. Qd2 O-O 20. Nd7 Nxd7 21. Qxd7
Bf6 22. Bb2 Be4 23. Bxf6 gxf6 24. Qe7 Bc6 25. Rd3 f5 26. Rg3+ Kh7 27. Qf6 Rg8
28. Qxf7+ Rg7 29. Qxg7# 1-0

[Event "Challenge"]
[Site "http://www.queenalice.com/game.php?id=100611"]
[Date "2006.8.29"]
[Round "-"]
[White "dtrainey"]
[Black "TheBigSorbo"]
[Result "0-1"]
[WhiteElo "1364"]
[BlackElo "1489"]

1. e4 e5 2. Bc4 Nf6 3. Nc3 Nc6 4. a3 Bc5 5. Qf3 O-O 6. Nge2 d6 7. h3 Nd4 8. Nxd4
exd4 9. Nd5 Nxd5 10. Bxd5 c6 11. Bb3 d5 12. d3 Qa5+ 13. Bd2 Qd8 14. O-O-O h6 15.
e5 a5 16. g4 a4 17. Bxd5 cxd5 18. Bf4 b5 19. Qg3 b4 20. f3 Qa5 21. Qe1 bxa3 22.
Qxa5 Rxa5 23. bxa3 Bxa3+ 24. Kd2 Bb4+ 25. Ke2 a3 26. Ra1 a2 27. Rhc1 Bc3 28. Bd2
Ra3 29. Bxc3 dxc3 30. Ke3 Re8 31. f4 f6 32. d4 Ra4 33. Rd1 Bb7 34. Rd3 Ra3 35.
h4 Ba6 36. Rdd1 Bb5 37. f5 Ba4 38. Kd3 fxe5 39. dxe5 Rxe5 40. Rg1 Bb5+ 41. Kd4
Re2 42. Rgc1 Rh2 43. Kxd5 Rxh4 44. Rg1 Be2 45. g5 h5 46. f6 Rb4 47. Ke6 Ra5 48.
f7+ Kf8 49. g6 Rb6+ 50. Kd7 Ra7+ 51. Kc8 Ba6+ 52. Kd8 Rb8# 0-1

[Event "Challenge"]
[Site "http://www.queenalice.com/game.php?id=117629"]
[Date "2006.10.16"]
[Round "-"]
[White "TheBigSorbo"]
[Black "maclaugh"]
[Result "0-1"]
[WhiteElo "1506"]
[BlackElo "1484"]

1. e4 e5 2. Nf3 f6 3. Nxe5 fxe5 4. Qh5+ g6 5. Qxe5+ Qe7 6. Qxh8 Qxe4+ 7. Kd1 Ne7
8. Nc3 Qf5 9. Qxh7 d5 10. d4 Qxf2 11. h3 Bf5 12. g4 Qxc2+ 13. Ke1 Be4 14. Rg1
Nd7 15. Nxe4 Qxe4+ 16. Be2 O-O-O 17. Bh6 Nc6 18. Rf1 Nxd4 19. Rf2 Bb4+ 20. Kd1
Qc2# 0-1

[Event "Challenge"]
[Site "http://www.queenalice.com/game.php?id=220081"]
[Date "2007.6.3"]
[Round "-"]
[White "TheBigSorbo"]
[Black "SJRomano"]
[Result "0-1"]
[WhiteElo "1525"]
[BlackElo "1804"]

1. e4 e5 2. Nf3 Nc6 3. Bb5 Nf6 4. O-O Bc5 5. c3 Nxe4 6. d4 exd4 7. cxd4 Bb6 8.
Nc3 Nf6 9. Re1+ Ne7 10. b3 O-O 11. Ba3 d6 12. Rb1 Ned5 13. Nxd5 Nxd5 14. Rb2 Nc3
15. Qd3 Nxb5 16. Qxb5 Bg4 17. Qd3 Qf6 18. Nd2 Rae8 19. Re4 Bf5 20. h3 Bxe4 21.
Nxe4 Qxd4 22. Qxd4 Bxd4 23. Re2 f5 24. Ng3 f4 0-1

[Event "Let's Play Chess!"]
[Site "http://www.queenalice.com/game.php?id=220084"]
[Date "2007.6.3"]
[Round "-"]
[White "TheBigSorbo"]
[Black "Alejandrito"]
[Result "1-0"]
[WhiteElo "1500"]
[BlackElo "1715"]

1. e4 e5 2. Nf3 Nc6 3. Bb5 Nf6 4. O-O a6 5. Bxc6 dxc6 6. Nxe5 Bc5 7. d3 Be6 8.
Bg5 h6 9. Bh4 Qd6 10. Nc4 Ng4 11. Nxd6+ Bxd6 12. h3 Nf6 13. Bxf6 gxf6 14. Qh5
Be5 15. Nc3 O-O-O 16. Rfe1 Rdg8 17. Na4 Bd6 18. Qh4 Be5 19. Nc5 Bxb2 20. Rab1
Bd4 21. Nxe6 fxe6 22. Rbc1 Rg5 23. c3 Bb6 24. d4 c5 25. Rcd1 Ba5 26. Re3 Rhg8
27. Qxh6 c4 28. e5 Rxg2+ 29. Kf1 Rg1+ 30. Ke2 Rxd1 31. Kxd1 Rg1+ 32. Ke2 Ra1 33.
exf6 Rxa2+ 34. Kf3 Rc2 35. f7 Bxc3 36. f8=Q+ 1-0